000 00935nac a2200313 a 4500
001 UByD002572
003 AR-LpoUNG
005 20240325131327.0
008 240320s2023||||ag |||||||||||||||||spa d
040 _aAR-LpoUNG
_bspa
_cAR-LpoUNG
_eaacr
041 _aspa
044 _aag
082 0 _a808.068 3 582iva
245 1 0 _aIvanke y Mey :
_bguardianes de la cultura
250 _a1ra. ed.
260 _aBuenos Aires :
_bBiblioteca Nacional,
_c2023.
300 _a[17] p. :
_bil.
490 0 _aGuardianes de la cultura
500 _aA toda la colección le corresponde el mismo ISBN : 9789877281705
505 0 _aSugerido a partir de 6 años (etiqueta AMARILLA).
650 4 _aCUENTOS
650 4 _aLITERATURA
653 0 _aLITERATURA INFANTIL
700 1 _aKerner, Iván
_eil.
_ecoor.
700 1 _aClerici, Mey
_eil.
_ecoor.
710 2 _aBiblioteca Nacional Mariano Moreno
905 _a34093
942 _cLIB
_2ddc
999 _c65096
_d65096